00684 a2200181 4500003000400000005001700004008004100021020001800062040000900080082002400089100002800113245008200141260003600223300001400259942005400273952015800327999001700485OSt20250702152158.0250702b |||||||| |||| 00| 0 eng d a9789392861628 coclc a305.56880954bRAI/B aRai, Ashok Kumar910599 aDr. B. R. Ambedkar:b Life and Thoughts /cAshok Kumar Rai, Pravish Prakash aDelhi:bCity Publication,c2024 a218 pages 2ddccBKh305.56880954iRAI/Bk305.56880954mRAI/B 00102ddc40708SOCIAL SCIENCEaMESbMEScSOCIAL SCIENCEd2025-07-02l0o305.56880954 RAI/Bp46055r2025-07-02 15:21:48v1795.00w2025-07-02yBKzGL41R3 c44593d44593